| 000 | 00441nam a2200193Ia 4500 | ||
|---|---|---|---|
| 003 | 0100 | ||
| 008 | 130303s9999 xx 000 0 und d | ||
| 040 | _cARRUPELIB | ||
| 050 | _aBX4827.B34W43 2000 | ||
| 100 | _aWebster, John | ||
| 245 | _aBarth | ||
| 260 | _aContinuum | ||
| 260 | _bLondon and NewYork | ||
| 260 | _C2000 | ||
| 300 | _axvi | ||
| 300 | _b 181p. 24cm. | ||
| 650 | _bAIDS (Disease)--Pastoral care | ||
| 942 |
_2lcc _01 |
||
| 999 |
_c63156 _d63156 |
||